000 00633nam a2200169 a 4500
008 210223s2001 ||||||||||||||||| || u
020 _a0130271470
050 _aTS 155 Hei
100 _aHeizer, Jay
245 1 0 _aPrinciples of operations management.(4th edition)
_cBy Jay Heize; Barry Render
250 _a4th edition
260 _aUSA
_bPrentice Hall
_c2001
300 _axxxi,716 pages:illustrations
650 0 _aOPERATIONS RESEARCH
650 0 _aPRODUCTION MANAGEMENT
995 _FCBU-MAIN LIBRARY (Kitwe)
_M1
_UAVAILABLE
_WMar 10, 2021
_ZMain Library Open Access Collection
999 _c54623
_d54623